Cyber Crimes: A Primer on Internet Threats and Email Abuses (Record no. 23550)

000 -LEADER
fixed length control field 00344nam a22001097a 4500
008 - FIXED-LENGTH DATA ELEMENTS--GENERAL INFORMATION
fixed length control field 131218b xxu||||| |||| 00| 0 eng d
020 ## - INTERNATIONAL STANDARD BOOK NUMBER
International Standard Book Number 8130902281
Terms of availability Available
050 ## - LIBRARY OF CONGRESS CALL NUMBER
Classification number 005.8 KUM
Item number 000590
100 ## - MAIN ENTRY--PERSONAL NAME
Miscellaneous information PB 156p
245 ## - TITLE STATEMENT
Title Cyber Crimes: A Primer on Internet Threats and Email Abuses
Statement of responsibility, etc. Kumar, G Ram
260 ## - PUBLICATION, DISTRIBUTION, ETC.
Place of publication, distribution, etc. New Delhi
Name of publisher, distributor, etc. Viva Books Private Limited
Holdings
Withdrawn status Lost status Source of classification or shelving scheme Damaged status Not for loan Permanent Location Current Location Shelving location Date acquired Total Checkouts Full call number Barcode Date last seen Date last checked out Price effective from Koha item type
          Central Library (CL) Central Library (CL) First Floor - Artificial Intelligence/Data Mining 12/18/2013 1 005.8KUM RCMS000590 03/12/2020 02/21/2019 12/18/2013 Book
          NUST Baluchistan Campus (NBC) NUST Baluchistan Campus (NBC) General Stacks 12/18/2013   005.8KUM RCMS000514 12/18/2013   12/18/2013 Book
© 2023 Central Library, National University of Sciences and Technology. All Rights Reserved.